Essentials of Clinical Periodontology & Periodontics (Record no. 20918)
[ view plain ]
| 000 -LEADER | |
|---|---|
| fixed length control field | 00415nam a22001577a 4500 |
| 003 - CONTROL NUMBER IDENTIFIER | |
| control field | SGT |
| 020 ## - INTERNATIONAL STANDARD BOOK NUMBER | |
| International Standard Book Number | 978-9352701117 |
| 082 ## - DEWEY DECIMAL CLASSIFICATION NUMBER | |
| Classification number | 617.645 |
| Item number | E18R |
| 100 ## - MAIN ENTRY--PERSONAL NAME | |
| Personal name | Shantipriya Reddy |
| 245 ## - TITLE STATEMENT | |
| Title | Essentials of Clinical Periodontology & Periodontics |
| 250 ## - EDITION STATEMENT | |
| Edition statement | 5TH |
| 260 ## - PUBLICATION, DISTRIBUTION, ETC. (IMPRINT) | |
| Place of publication, distribution, etc | NEW DELHI |
| Name of publisher, distributor, etc | Jaypee Brothers Medical Publishers Pvt Ltd |
| Year of Publication | 2018 |
| 300 ## - PAGE DESCRIPTION | |
| No. of Pages | 1-582 |
| 650 ## - SUBJECT ADDED ENTRY--TOPICAL TERM | |
| Topical term or geographic name as entry element | Periodontology |
| 942 ## - ADDED ENTRY ELEMENTS (KOHA) | |
| Source of classification or shelving scheme | Dewey Decimal Classification |
| Koha item type | Books |
| 942 ## - ADDED ENTRY ELEMENTS (KOHA) | |
| -- | 59 |
| Withdrawn status | Lost status | Source of classification or shelving scheme | Damaged status | Not for loan | Home library | Current library | Shelving location | Date acquired | Vendor Name | Cost, normal purchase price | SGTU | Bill Number | Total Checkouts | Full call number | Accession No. (Barcode) | Checked out | Date last seen | Date last borrowed | Bill Date | Koha item type |
|---|---|---|---|---|---|---|---|---|---|---|---|---|---|---|---|---|---|---|---|---|
| Dewey Decimal Classification | SGT Dental Library | SGT Dental Library | Text Book | 06/03/2021 | AHUJA BOOK COMPANY | 1195.00 | SGTU | 12616 | 41 | 617.645 E18R | FD8331 | 22/05/2026 | 08/05/2026 | 08/05/2026 | 27/01/2021 | Books | ||||
| Dewey Decimal Classification | SGT Dental Library | SGT Dental Library | Text Book | 06/03/2021 | AHUJA BOOK COMPANY | 1195.00 | SGTU | 12616 | 34 | 617.645 E18R | FD8332 | 29/05/2026 | 15/05/2026 | 27/01/2021 | Books | |||||
| Dewey Decimal Classification | SGT Dental Library | SGT Dental Library | Text Book | 06/03/2021 | AHUJA BOOK COMPANY | 1195.00 | SGTU | 12616 | 28 | 617.645 E18R | FD8333 | 29/05/2026 | 11/05/2026 | 27/01/2021 | Books |